01385nam a2200325 i 4500003000900000005001700009007000300026008004100029020001800070040003000088041000800118082002900126100004700155245014400202264005300346300005600399336002700455337003200482338002800514500005700542590002600599650002900625650003100654700006900685700005700754910001500811942001400826952020200840999001701042DO-SdBNP20260304101417.0ta091116s2017 dr ac 000 j spa d a9789945905069 aDO-SdBNPbspacBNPHUerda hspa 4aRD863.44bP379n 20172221 aPeix, Pedrod1952-2015eautor4aut.92567513aLa noche de los buzones blancos 1980 /cPedro Peix ; edición y corrección, León Félix Batista ; coordinador, José Rafael Lantigua 4aSanto Domingo :bMercado Media Network,c©2017. a176 páginas :bilustraciones, retratos. ;c23 cm. atextobtxt2rdacontent asinmediaciónbn2rdamedia avolumenbnc2rdacarrier aIncluye datos biográficos del autor en las solapas aInventariado, 2026/BT 4aCuentos dominicanos9176 4aLiteratura dominicana.9671 aFélix Batista, José,eeditor y corrector4ed. y corr.9891211 aLantigua, José Rafael,ecoordinador4coord.985376 aBtavárez 2ddccLBS1 00102ddc51708PDaBNPHUbBNPHUcCTd2026-03-04eDonaciónl0oBNPHU PD RD863.44 P379n 2017p2026-1679r2026-03-04w2026-03-04yLBS1zPerteneció a la biblioteca personal de Mónica Despradel. c60415d60415